000 00203nam a2200085Ia 4500
008 120527s9999 xx 000 0 und d
100 _aTUNGAIR, C
245 _aTeach yorself desktop publishing
942 _cBK
999 _c25781
_d25781